Tự thiết kế blog với Blogger /
Shranjeno v:
| Glavni avtor: | |
|---|---|
| Format: | Sách giấy |
| Jezik: | Vietnamese |
| Izdano: |
H. :
Lao động - Xã hội,
2008.
|
| Teme: | |
| Oznake: |
Označite
Brez oznak, prvi označite!
|
| Thư viện lưu trữ: | Thư viện Trường Đại học Đà Lạt |
|---|
| LEADER | 01186nam a2200313 4500 | ||
|---|---|---|---|
| 001 | DLU110000105 | ||
| 005 | ##20110301 | ||
| 040 | # | # | |a DLU |b vie |
| 041 | # | # | |a vie |
| 044 | # | # | |a vn |
| 082 | # | # | |a 006.7 |b LE-H |
| 100 | # | # | |a Lê Minh Hoàng. |
| 245 | # | # | |a Tự thiết kế blog với Blogger / |c Lê Minh Hoàng. |
| 260 | # | # | |a H. : |b Lao động - Xã hội, |c 2008. |
| 300 | # | # | |a 215 tr. : |b minh hoạ ; |c 24 cm. |
| 505 | # | # | |a Chương 1. Bắt đầu blog của bạn -- Chương 2. Viết blog -- Chương 3. Tuỳ biến blog -- Chương 4. Thay đổi các thiết lập blog -- Chương 5. Cho người khác biết về bạn -- Chương 6. Sử dụng Multimedia trong blog -- Chương 7. Viết blog di động -- Chương 8. Mời mọi người cùng tham gia -- Chương 9. Quảng bá blog -- Chương 10. Các thủ thuật với hình ảnh -- Chương 11. Các thủ thuật khác. |
| 653 | # | # | |a Blog |
| 653 | # | # | |a Web site |
| 923 | # | # | |a 01/2011VL |
| 991 | # | # | |a GT |
| 992 | # | # | |a 52000 |
| 994 | # | # | |a KVL |
| 900 | # | # | |a True |
| 911 | # | # | |a Đào Thị Thu Huyền |
| 925 | # | # | |a G |
| 926 | # | # | |a A |
| 927 | # | # | |a SH |
| 980 | # | # | |a Thư viện Trường Đại học Đà Lạt |